[Event "DVM U12 2022"]
[Site "München GER"]
[Date "2022.12.28"]
[Round "4"]
[White "Schriefer, Leo Hans"]
[Black "Burban, Victor"]
[Result "1-0"]
[Termination "normal"]
[Board "3.3"]
[WhiteElo "1048"]
[BlackElo "1357"]
[WhiteClock "01:28:43"]
[BlackClock "01:12:43"]
[WhiteTeam "TSG Oberschöneweide"]
[BlackTeam "SchachAkademiePaderborn"]
[PlyCount "51"]
[WhiteFideId "16266935"]
[BlackFideId "34609032"]
[EventCountry "GER"]
[EventRounds "7"]
[EventType "team-swiss"]
[EventDate "2022.12.26"]

1. e4 {[%clk 01:30:59]} e6 {[%clk 01:30:56]} {[%emt 00:00:04]} 2. d4 {[%clk
01:31:28]} {[%emt 00:00:02]} d5 {[%clk 01:31:20]} {[%emt 00:00:06]} 3. exd5
{[%clk 01:31:56]} {[%emt 00:00:02]} exd5 {[%clk 01:31:46]} {[%emt 00:00:04]} 4.
Bd3 {[%clk 01:32:21]} {[%emt 00:00:05]} Nf6 {[%clk 01:31:49]} {[%emt 00:00:27]}
5. h3 {[%clk 01:32:41]} {[%emt 00:00:10]} c5 {[%clk 01:31:11]} {[%emt
00:01:08]} 6. c3 {[%clk 01:32:34]} {[%emt 00:00:36]} Nc6 {[%clk 01:29:51]}
{[%emt 00:01:50]} 7. Nf3 {[%clk 01:32:11]} {[%emt 00:00:53]} cxd4 {[%clk
01:28:39]} {[%emt 00:01:42]} 8. cxd4 {[%clk 01:32:29]} {[%emt 00:00:12]} Bb4
{[%clk 01:28:21]} {[%emt 00:00:49]} 9. Bd2 {[%clk 01:31:26]} {[%emt 00:01:31]}
Bxd2 {[%clk 01:28:23]} {[%emt 00:00:29]} 10. Nbxd2 {[%clk 01:31:35]} {[%emt
00:00:21]} O-O {[%clk 01:28:19]} {[%emt 00:00:35]} 11. O-O {[%clk 01:31:38]}
{[%emt 00:00:25]} Bd7 {[%clk 01:25:17]} {[%emt 00:03:33]} 12. Re1 {[%clk
01:30:43]} {[%emt 00:01:20]} Re8 {[%clk 01:25:30]} {[%emt 00:00:21]} 13. Rxe8
{[%clk 01:30:54]} {[%emt 00:00:19]} Qxe8 {[%clk 01:25:47]} {[%emt 00:00:13]}
14. Nf1 {[%clk 01:31:08]} {[%emt 00:00:16]} Qd8 {[%clk 01:24:50]} {[%emt
00:01:27]} 15. Ng3 {[%clk 01:29:55]} {[%emt 00:01:35]} Qb6 {[%clk 01:24:37]}
{[%emt 00:00:51]} 16. b3 {[%clk 01:29:31]} {[%emt 00:00:55]} Nxd4 {[%clk
01:24:26]} {[%emt 00:00:40]} 17. Nxd4 {[%clk 01:29:50]} {[%emt 00:00:11]} Qxd4
{[%clk 01:24:50]} {[%emt 00:00:06]} 18. Bxh7 {[%clk 01:30:13]} {[%emt
00:00:07]} Kxh7 {[%clk 01:23:18]} {[%emt 00:02:01]} 19. Qxd4 {[%clk 01:30:33]}
{[%emt 00:00:12]} Bc6 {[%clk 01:20:30]} {[%emt 00:03:18]} 20. Qh4 {[%clk
01:30:10]} {[%emt 00:00:48]} Kg8 {[%clk 01:20:36]} {[%emt 00:00:28]} 21. Nh5
{[%clk 01:29:55]} {[%emt 00:00:31]} Nxh5 {[%clk 01:17:52]} {[%emt 00:03:27]}
22. Qxh5 {[%clk 01:30:14]} {[%emt 00:00:11]} Re8 {[%clk 01:15:35]} {[%emt
00:02:48]} 23. Rd1 {[%clk 01:30:05]} {[%emt 00:00:34]} Re4 {[%clk 01:12:20]}
{[%emt 00:03:50]} 24. Rxd5 {[%clk 01:27:57]} {[%emt 00:02:38]} Bxd5 {[%clk
01:12:17]} {[%emt 00:00:32]} 25. Qxd5 {[%clk 01:28:22]} {[%emt 00:00:06]} Re7
{[%clk 01:12:43]} {[%emt 00:00:03]} 26. Qd8 {[%clk 01:28:43]} {[%emt 00:00:09]}
1-0

[Event "DVM U12 2022"]
[Site "München GER"]
[Date "2022.12.28"]
[Round "4"]
[White "Burban, Bogdan"]
[Black "Schucht, Adrian"]
[Result "1-0"]
[Termination "normal"]
[Board "3.4"]
[WhiteElo "1258"]
[BlackElo "1235"]
[WhiteClock "00:42:27"]
[BlackClock "00:49:12"]
[WhiteTeam "SchachAkademiePaderborn"]
[BlackTeam "TSG Oberschöneweide"]
[PlyCount "59"]
[WhiteFideId "34609040"]
[BlackFideId "34605061"]
[EventCountry "GER"]
[EventRounds "7"]
[EventType "team-swiss"]
[EventDate "2022.12.26"]

1. d4 {[%clk 01:30:59]} {[%emt 00:46:43]} d5 {[%clk 01:30:54]} {[%emt
00:00:06]} 2. c4 {[%clk 01:31:24]} {[%emt 00:00:05]} e6 {[%clk 01:31:19]}
{[%emt 00:00:05]} 3. Nc3 {[%clk 01:31:49]} {[%emt 00:00:05]} Nf6 {[%clk
01:31:41]} {[%emt 00:00:09]} 4. cxd5 {[%clk 01:32:07]} {[%emt 00:00:11]} exd5
{[%clk 01:30:45]} {[%emt 00:01:25]} 5. Bg5 {[%clk 01:32:30]} {[%emt 00:00:08]}
Nbd7 {[%clk 01:29:37]} {[%emt 00:01:37]} 6. e3 {[%clk 01:32:15]} {[%emt
00:00:45]} Be7 {[%clk 01:29:49]} {[%emt 00:00:18]} 7. Bd3 {[%clk 01:32:04]}
{[%emt 00:00:42]} O-O {[%clk 01:29:20]} {[%emt 00:00:58]} 8. Nf3 {[%clk
01:32:18]} {[%emt 00:00:16]} b6 {[%clk 01:28:30]} {[%emt 00:01:21]} 9. O-O
{[%clk 01:32:20]} {[%emt 00:00:27]} Bb7 {[%clk 01:28:18]} {[%emt 00:00:42]} 10.
Rc1 {[%clk 01:31:44]} {[%emt 00:01:07]} c6 {[%clk 01:25:11]} {[%emt 00:03:38]}
11. h3 {[%clk 01:31:00]} {[%emt 00:01:14]} Rc8 {[%clk 01:20:30]} {[%emt
00:05:08]} 12. Bf4 {[%clk 01:29:12]} {[%emt 00:02:20]} Re8 {[%clk 01:19:25]}
{[%emt 00:01:36]} 13. Ne5 {[%clk 01:28:43]} {[%emt 00:00:59]} Nxe5 {[%clk
01:15:47]} {[%emt 00:04:07]} 14. Bxe5 {[%clk 01:29:04]} {[%emt 00:00:09]} Bd6
{[%clk 01:15:37]} {[%emt 00:00:41]} 15. Bxf6 {[%clk 01:27:03]} {[%emt
00:02:32]} Qxf6 {[%clk 01:15:52]} {[%emt 00:00:13]} 16. Qh5 {[%clk 01:26:00]}
{[%emt 00:01:33]} g6 {[%clk 01:14:53]} {[%emt 00:01:29]} 17. Qg4 {[%clk
01:24:14]} {[%emt 00:02:16]} Bc7 {[%clk 01:12:01]} {[%emt 00:03:23]} 18. Rc2
{[%clk 01:22:32]} {[%emt 00:02:12]} Qd6 {[%clk 01:09:00]} {[%emt 00:03:30]} 19.
g3 {[%clk 01:20:39]} {[%emt 00:02:23]} Rcd8 {[%clk 01:07:41]} {[%emt 00:01:49]}
20. Rfc1 {[%clk 01:19:24]} {[%emt 00:01:45]} Bc8 {[%clk 01:07:16]} {[%emt
00:00:55]} 21. Qh4 {[%clk 01:17:58]} {[%emt 00:01:57]} Bd7 {[%clk 01:06:39]}
{[%emt 00:01:06]} 22. Nb5 {[%clk 01:16:52]} {[%emt 00:01:35]} cxb5 {[%clk
01:04:48]} {[%emt 00:02:21]} 23. Rxc7 {[%clk 01:15:30]} {[%emt 00:01:53]} Ra8
{[%clk 01:02:37]} {[%emt 00:02:40]} 24. Kh2 {[%clk 01:11:54]} {[%emt 00:04:06]}
Red8 {[%clk 01:00:49]} {[%emt 00:02:17]} 25. Rxa7 {[%clk 01:04:19]} {[%emt
00:08:06]} Kg7 {[%clk 00:56:14]} {[%emt 00:05:05]} 26. a3 {[%clk 00:59:07]}
{[%emt 00:05:42]} f6 {[%clk 00:54:58]} {[%emt 00:01:46]} 27. Rac7 {[%clk
00:57:41]} {[%emt 00:01:56]} h5 {[%clk 00:54:39]} {[%emt 00:00:50]} 28. Kg2
{[%clk 00:43:50]} {[%emt 00:14:21]} Rh8 {[%clk 00:54:51]} {[%emt 00:00:18]} 29.
Qf4 {[%clk 00:43:13]} {[%emt 00:01:06]} Qe6 {[%clk 00:49:12]} {[%emt 00:06:09]}
30. Rxd7 {[%clk 00:42:27]} {[%emt 00:01:17]} 1-0

[Event "DVM U12 2022"]
[Site "München GER"]
[Date "2022.12.28"]
[Round "4"]
[White "Klein, Levent"]
[Black "Mandalka, Justus"]
[Result "1/2-1/2"]
[Termination "normal"]
[Board "4.1"]
[WhiteElo "1584"]
[BlackElo "1484"]
[WhiteClock "00:20:01"]
[BlackClock "00:34:39"]
[WhiteTeam "SG Kaiserslautern 1905"]
[BlackTeam "SK Bad Homburg 1927"]
[PlyCount "43"]
[WhiteFideId "34611274"]
[BlackFideId "16298144"]
[EventCountry "GER"]
[EventRounds "7"]
[EventType "team-swiss"]
[EventDate "2022.12.26"]

1. d4 {[%clk 01:30:57]} {[%emt 00:00:03]} d5 {[%clk 01:30:54]} {[%emt
00:00:07]} 2. c4 {[%clk 01:31:23]} {[%emt 00:00:04]} e6 {[%clk 01:31:20]}
{[%emt 00:00:04]} 3. Nf3 {[%clk 01:31:06]} {[%emt 00:00:46]} c5 {[%clk
01:31:42]} {[%emt 00:00:08]} 4. Nc3 {[%clk 01:31:03]} {[%emt 00:00:34]} Nc6
{[%clk 01:31:44]} {[%emt 00:00:28]} 5. Bf4 {[%clk 01:22:07]} {[%emt 00:09:25]}
a6 {[%clk 01:25:40]} {[%emt 00:06:34]} 6. e3 {[%clk 01:11:54]} {[%emt
00:10:43]} Nf6 {[%clk 01:25:51]} {[%emt 00:00:19]} 7. h3 {[%clk 01:02:09]}
{[%emt 00:10:16]} cxd4 {[%clk 01:24:47]} {[%emt 00:01:34]} 8. Nxd4 {[%clk
01:00:17]} {[%emt 00:02:21]} Be7 {[%clk 01:24:01]} {[%emt 00:47:35]} 9. cxd5
exd5 {[%clk 01:23:54]} 10. Be2 {[%clk 00:47:36]} Bd7 {[%clk 01:20:44]} 11. a3
{[%clk 00:47:10]} Nxd4 12. Qxd4 {[%clk 00:46:57]} Bc6 {[%clk 01:20:05]} 13. Bf3
{[%clk 00:45:37]} O-O {[%clk 01:09:36]} 14. Rd1 {[%clk 00:45:24]} Qa5 {[%clk
01:09:34]} 15. O-O {[%clk 00:43:29]} Rfd8 {[%clk 01:08:18]} 16. Be5 {[%clk
00:40:17]} Rac8 {[%clk 01:03:52]} {[%emt 00:01:50]} 17. Qf4 {[%clk 00:38:50]}
{[%emt 00:01:56]} h6 {[%clk 00:51:19]} {[%emt 00:13:04]} 18. h4 {[%clk
00:37:13]} {[%emt 00:02:07]} b5 {[%clk 00:44:09]} {[%emt 00:07:39]} 19. Rd4
{[%clk 00:34:17]} {[%emt 00:03:26]} Rd7 {[%clk 00:37:34]} {[%emt 00:07:06]} 20.
Rfd1 {[%clk 00:32:45]} {[%emt 00:02:02]} Rcd8 {[%clk 00:37:42]} {[%emt
00:00:22]} 21. Qg3 {[%clk 00:28:37]} {[%emt 00:04:37]} Qb6 {[%clk 00:34:39]}
{[%emt 00:03:32]} 22. Rf4 {[%clk 00:20:01]} {[%emt 00:09:07]} 1/2-1/2

[Event "DVM U12 2022"]
[Site "München GER"]
[Date "2022.12.28"]
[Round "4"]
[White "Glavev, Danail"]
[Black "Arne, Jonas"]
[Result "1/2-1/2"]
[Termination "normal"]
[Board "4.2"]
[WhiteElo "1435"]
[BlackElo "1394"]
[WhiteClock "00:18:38"]
[BlackClock "00:34:32"]
[WhiteTeam "SK Bad Homburg 1927"]
[BlackTeam "SG Kaiserslautern 1905"]
[PlyCount "51"]
[WhiteFideId "34610995"]
[BlackFideId "34640398"]
[EventCountry "GER"]
[EventRounds "7"]
[EventType "team-swiss"]
[EventDate "2022.12.26"]

1. e4 {[%clk 01:30:57]} {[%emt 00:00:03]} c5 {[%clk 01:30:58]} {[%emt
00:00:02]} 2. Nf3 {[%clk 01:31:16]} {[%emt 00:00:11]} e6 {[%clk 01:31:18]}
{[%emt 00:00:11]} 3. d4 {[%clk 01:31:25]} {[%emt 00:00:20]} cxd4 {[%clk
01:31:43]} {[%emt 00:00:05]} 4. Nxd4 {[%clk 01:31:52]} {[%emt 00:00:03]} Nf6
{[%clk 01:32:02]} {[%emt 00:00:11]} 5. Nc3 {[%clk 01:32:01]} {[%emt 00:00:20]}
Bb4 {[%clk 01:32:26]} {[%emt 00:00:07]} 6. a3 {[%clk 01:31:12]} {[%emt
00:01:19]} Bxc3 {[%clk 01:32:35]} {[%emt 00:00:21]} 7. bxc3 {[%clk 01:31:26]}
{[%emt 00:00:15]} Nxe4 {[%clk 01:33:02]} {[%emt 00:00:03]} 8. Qg4 {[%clk
01:31:37]} {[%emt 00:00:17]} d5 {[%clk 01:26:45]} {[%emt 00:06:50]} 9. Qxg7
{[%clk 01:30:04]} {[%emt 00:02:03]} Qf6 {[%clk 01:26:55]} {[%emt 00:00:20]} 10.
Qxf6 {[%clk 01:28:03]} {[%emt 00:02:30]} Nxf6 {[%clk 01:27:22]} {[%emt
00:00:03]} 11. Bb2 {[%clk 01:27:54]} {[%emt 00:00:39]} a6 {[%clk 01:20:00]}
{[%emt 00:07:52]} 12. c4 {[%clk 01:26:22]} {[%emt 00:02:03]} dxc4 {[%clk
01:17:42]} {[%emt 00:02:47]} 13. Nf3 {[%clk 01:23:11]} {[%emt 00:03:40]} Nbd7
{[%clk 01:16:25]} {[%emt 00:01:48]} 14. Bxc4 {[%clk 01:22:19]} {[%emt
00:01:22]} Rg8 {[%clk 01:15:51]} {[%emt 00:01:05]} 15. Rg1 {[%clk 01:15:37]}
{[%emt 00:54:11]} b5 {[%clk 01:15:55]} 16. Bd3 {[%clk 01:15:03]} Bb7 {[%clk
01:15:36]} 17. O-O-O {[%clk 01:15:08]} O-O-O {[%clk 01:10:09]} 18. h3 {[%clk
00:57:41]} h6 {[%clk 01:08:48]} 19. Be2 Ne4 {[%clk 00:57:33]} {[%emt 00:07:54]}
20. Rdf1 {[%clk 00:31:53]} {[%emt 00:12:06]} Nec5 {[%clk 00:55:26]} {[%emt
00:02:40]} 21. g3 {[%clk 00:30:27]} {[%emt 00:01:55]} Kb8 {[%clk 00:46:04]}
{[%emt 00:09:51]} 22. Rd1 {[%clk 00:21:39]} {[%emt 00:09:19]} Rc8 {[%clk
00:39:41]} {[%emt 00:06:53]} 23. Ne5 {[%clk 00:20:10]} {[%emt 00:01:58]} Nxe5
{[%clk 00:38:18]} {[%emt 00:01:54]} 24. Bxe5 {[%clk 00:20:30]} {[%emt
00:00:09]} Ka8 {[%clk 00:37:23]} {[%emt 00:01:25]} 25. Bh5 {[%clk 00:18:38]}
{[%emt 00:02:21]} Be4 {[%clk 00:34:32]} {[%emt 00:03:23]} 26. Bxf7 {[%emt
00:02:21]} 1/2-1/2

[Event "DVM U12 2022"]
[Site "München GER"]
[Date "2022.12.28"]
[Round "4"]
[White "Klein, Deniz"]
[Black "Pflugbeil, Julian"]
[Result "1-0"]
[Termination "normal"]
[Board "4.3"]
[WhiteElo "1362"]
[BlackElo "1214"]
[WhiteClock "00:25:47"]
[BlackClock "01:17:06"]
[WhiteTeam "SG Kaiserslautern 1905"]
[BlackTeam "SK Bad Homburg 1927"]
[PlyCount "127"]
[WhiteFideId "34611282"]
[BlackFideId "34608850"]
[EventCountry "GER"]
[EventRounds "7"]
[EventType "team-swiss"]
[EventDate "2022.12.26"]

1. c4 {[%clk 01:30:55]} {[%emt 00:00:06]} c5 {[%clk 01:31:22]} {[%emt
00:00:06]} 2. g3 {[%clk 01:31:16]} {[%emt 00:00:10]} g6 {[%clk 01:31:49]}
{[%emt 00:00:03]} 3. Bg2 {[%clk 01:31:34]} {[%emt 00:00:12]} Bg7 {[%clk
01:32:14]} {[%emt 00:00:04]} 4. Nc3 {[%clk 01:31:51]} {[%emt 00:00:13]} Nc6
{[%clk 01:32:40]} {[%emt 00:00:05]} 5. a3 {[%clk 01:31:51]} {[%emt 00:00:30]}
Nf6 {[%clk 01:33:04]} {[%emt 00:00:06]} 6. Rb1 {[%clk 01:31:39]} {[%emt
00:00:41]} a5 {[%clk 01:33:28]} {[%emt 00:00:06]} 7. e4 {[%clk 01:31:10]}
{[%emt 00:00:59]} O-O {[%clk 01:33:50]} {[%emt 00:00:09]} 8. Nge2 {[%clk
01:30:51]} {[%emt 00:00:49]} Rb8 {[%clk 01:33:41]} {[%emt 00:00:39]} 9. d3
{[%clk 01:30:38]} {[%emt 00:00:41]} b6 {[%clk 01:33:44]} {[%emt 00:00:28]} 10.
O-O {[%clk 01:29:46]} {[%emt 00:01:22]} Ne8 {[%clk 01:33:33]} {[%emt 00:00:41]}
11. Be3 {[%clk 01:27:39]} {[%emt 00:02:37]} Nc7 {[%clk 01:33:21]} {[%emt
00:00:43]} 12. Qd2 {[%clk 01:23:12]} {[%emt 00:04:57]} Ne6 {[%clk 01:33:26]}
{[%emt 00:00:24]} 13. Bh6 {[%clk 01:22:11]} {[%emt 00:01:31]} d6 {[%clk
01:33:17]} {[%emt 00:00:40]} 14. Bxg7 {[%clk 01:22:01]} {[%emt 00:00:40]} Kxg7
{[%clk 01:33:40]} {[%emt 00:00:06]} 15. f4 {[%emt 00:11:31]} f6 {[%clk
01:32:55]} {[%emt 00:00:21]} 16. f5 {[%clk 01:11:24]} {[%emt 00:01:00]} Ned4
{[%clk 01:31:59]} {[%emt 00:01:25]} 17. fxg6 {[%clk 01:09:42]} {[%emt
00:02:12]} hxg6 {[%clk 01:31:29]} {[%emt 00:01:01]} 18. Nxd4 {[%clk 01:03:18]}
{[%emt 00:53:41]} Nxd4 {[%clk 01:31:50]} 19. Ne2 {[%clk 01:03:05]} Ne6 {[%clk
01:31:20]} 20. Nf4 {[%clk 01:00:16]} Rh8 {[%clk 01:30:48]} 21. Nxe6 {[%clk
00:56:49]} Bxe6 {[%clk 01:30:08]} 22. Rf2 {[%clk 00:52:51]} Qg8 {[%clk
01:29:57]} 23. Bf1 {[%clk 00:51:36]} Rh6 {[%clk 01:29:46]} 24. Rc1 {[%clk
00:50:54]} Qh7 {[%clk 01:29:29]} 25. Rc2 {[%clk 00:48:41]} Rh8 {[%clk
01:29:38]} 26. a4 {[%clk 00:46:46]} g5 {[%clk 01:29:24]} 27. Qe2 {[%clk
00:44:41]} Bd7 {[%clk 01:25:00]} 28. b3 {[%clk 00:44:28]} e5 {[%clk 01:24:36]}
29. Qe3 {[%clk 00:39:08]} Bh3 {[%clk 01:24:39]} 30. Bxh3 {[%clk 00:39:01]} Rxh3
{[%clk 01:25:03]} 31. Qf3 {[%clk 00:38:29]} Rh6 32. Rcd2 {[%clk 00:37:32]}
{[%emt 00:00:29]} Qg6 {[%clk 01:22:41]} {[%emt 00:02:50]} 33. Qf5 {[%clk
00:36:05]} {[%emt 00:01:56]} Qxf5 {[%clk 01:20:28]} {[%emt 00:02:44]} 34. Rxf5
{[%clk 00:36:29]} {[%emt 00:00:06]} Rh5 {[%clk 01:20:44]} {[%emt 00:00:15]} 35.
Rdf2 {[%clk 00:36:06]} {[%emt 00:00:53]} R8h6 {[%clk 01:19:57]} {[%emt
00:01:16]} 36. R5f3 {[%clk 00:29:51]} {[%emt 00:06:44]} g4 {[%clk 01:19:05]}
{[%emt 00:01:24]} 37. Rf5 {[%clk 00:27:55]} {[%emt 00:02:25]} Rxf5 {[%emt
00:03:35]} 38. Rxf5 {[%emt 00:00:06]} Kg6 {[%clk 01:15:47]} {[%emt 00:00:06]}
39. Kg2 {[%clk 00:27:31]} {[%emt 00:00:55]} Rh5 {[%clk 01:16:09]} {[%emt
00:00:08]} 40. Rf1 {[%clk 00:27:12]} {[%emt 00:00:50]} f5 {[%clk 01:15:56]}
{[%emt 00:00:43]} 41. exf5 {[%clk 00:26:29]} {[%emt 00:01:12]} Rxf5 {[%clk
01:15:51]} {[%emt 00:00:35]} 42. Rxf5 {[%clk 00:26:39]} {[%emt 00:00:20]} Kxf5
{[%clk 01:16:16]} {[%emt 00:00:05]} 43. h3 {[%clk 00:26:16]} {[%emt 00:00:53]}
Kg5 {[%clk 01:15:29]} {[%emt 00:01:17]} 44. h4 {[%clk 00:25:00]} {[%emt
00:01:46]} Kh5 {[%clk 01:15:05]} {[%emt 00:00:55]} 45. Kf2 {[%clk 00:25:19]}
{[%emt 00:00:11]} Kg6 {[%clk 01:15:30]} {[%emt 00:00:04]} 46. Ke3 {[%clk
00:25:17]} {[%emt 00:00:33]} Kf5 {[%clk 01:15:40]} {[%emt 00:00:20]} 47. h5
{[%clk 00:23:33]} {[%emt 00:02:14]} Kg5 {[%clk 01:16:07]} {[%emt 00:00:03]} 48.
Ke4 {[%clk 00:23:05]} {[%emt 00:00:57]} Kxh5 {[%clk 01:16:33]} {[%emt
00:00:05]} 49. Kf5 {[%clk 00:23:27]} {[%emt 00:00:08]} Kh6 {[%clk 01:16:49]}
{[%emt 00:00:14]} 50. Kxg4 {[%clk 00:23:43]} {[%emt 00:00:13]} Kg6 {[%clk
01:17:14]} {[%emt 00:00:05]} 51. Kh4 {[%clk 00:22:28]} {[%emt 00:01:46]} Kh6
{[%clk 01:17:36]} {[%emt 00:00:08]} 52. g4 {[%clk 00:22:52]} {[%emt 00:00:06]}
Kg6 {[%clk 01:18:01]} {[%emt 00:00:05]} 53. g5 {[%clk 00:23:14]} {[%emt
00:00:07]} Kg7 {[%clk 01:17:36]} {[%emt 00:00:54]} 54. Kh5 {[%clk 00:23:22]}
{[%emt 00:00:24]} Kh7 {[%clk 01:17:59]} {[%emt 00:00:07]} 55. g6 {[%clk
00:23:42]} {[%emt 00:00:10]} Kg7 {[%clk 01:18:24]} {[%emt 00:00:05]} 56. Kg5
{[%clk 00:24:01]} {[%emt 00:00:10]} Kf8 {[%clk 01:17:25]} {[%emt 00:01:27]} 57.
Kf6 {[%clk 00:24:23]} {[%emt 00:00:10]} Kg8 {[%clk 01:17:47]} {[%emt 00:00:08]}
58. g7 {[%clk 00:24:46]} {[%emt 00:00:07]} e4 {[%clk 01:16:47]} {[%emt
00:01:30]} 59. dxe4 {[%clk 00:25:08]} {[%emt 00:00:08]} b5 {[%clk 01:16:56]}
{[%emt 00:00:21]} 60. axb5 {[%clk 00:25:23]} {[%emt 00:00:15]} d5 {[%clk
01:17:16]} {[%emt 00:00:10]} 61. Kg6 {[%clk 00:24:57]} {[%emt 00:00:56]} a4
{[%clk 01:16:23]} {[%emt 00:01:23]} 62. b6 {[%clk 00:25:20]} {[%emt 00:00:07]}
axb3 {[%clk 01:16:46]} {[%emt 00:00:08]} 63. b7 {[%clk 00:25:47]} {[%emt
00:00:03]} b2 {[%clk 01:17:06]} {[%emt 00:00:10]} 64. b8=Q# {[%emt 00:00:17]}
1-0

[Event "DVM U12 2022"]
[Site "München GER"]
[Date "2022.12.28"]
[Round "4"]
[White "Li, Xiao Teng"]
[Black "Hahn, Julian"]
[Result "0-1"]
[Termination "normal"]
[Board "4.4"]
[WhiteElo "1293"]
[BlackElo "1214"]
[WhiteClock "01:19:03"]
[BlackClock "00:09:27"]
[WhiteTeam "SK Bad Homburg 1927"]
[BlackTeam "SG Kaiserslautern 1905"]
[PlyCount "62"]
[WhiteFideId "34611053"]
[BlackFideId "34640436"]
[EventCountry "GER"]
[EventRounds "7"]
[EventType "team-swiss"]
[EventDate "2022.12.26"]

1. e4 {[%clk 01:30:57]} {[%emt 00:00:02]} e5 {[%clk 01:30:56]} {[%emt
00:00:04]} 2. Nf3 {[%clk 01:31:08]} {[%emt 00:00:19]} Nc6 {[%clk 01:31:21]}
{[%emt 00:00:05]} 3. d4 {[%clk 01:31:35]} {[%emt 00:00:04]} exd4 {[%clk
01:31:29]} {[%emt 00:00:22]} 4. Bc4 {[%clk 01:31:59]} {[%emt 00:00:05]} Nf6
{[%clk 01:28:14]} {[%emt 00:03:45]} 5. e5 {[%clk 01:32:24]} {[%emt 00:00:06]}
Ng4 {[%clk 01:24:09]} {[%emt 00:04:35]} 6. O-O {[%clk 01:32:30]} {[%emt
00:00:23]} d6 {[%clk 01:20:57]} {[%emt 00:03:42]} 7. exd6 {[%clk 01:32:17]}
{[%emt 00:00:44]} Bxd6 {[%clk 01:19:57]} {[%emt 00:01:29]} 8. Re1 {[%clk
01:32:20]} {[%emt 00:00:27]} Be7 {[%clk 01:18:22]} {[%emt 00:02:05]} 9. Bf4
{[%emt 00:01:02]} O-O {[%clk 01:17:05]} {[%emt 00:01:45]} 10. h3 {[%clk
01:32:10]} {[%emt 00:00:10]} Nf6 {[%clk 01:07:09]} {[%emt 00:10:24]} 11. c3
{[%clk 01:32:15]} {[%emt 00:00:28]} Bc5 {[%clk 01:05:00]} {[%emt 00:02:38]} 12.
Bg5 {[%clk 01:31:36]} {[%emt 00:01:09]} h6 {[%clk 01:01:05]} {[%emt 00:04:26]}
13. Bh4 {[%clk 01:31:54]} {[%emt 00:00:11]} Bf5 {[%clk 00:58:55]} {[%emt
00:02:39]} 14. b4 {[%clk 01:30:26]} {[%emt 00:47:50]} Bb6 {[%clk 00:39:31]} 15.
cxd4 {[%clk 01:28:22]} Nxd4 {[%clk 00:38:23]} 16. Nxd4 Bxd4 {[%clk 00:37:45]}
17. Na3 {[%clk 01:26:26]} Bxa1 {[%clk 00:36:15]} 18. Qxa1 {[%clk 01:26:43]} Qd6
{[%clk 00:27:44]} 19. Qb2 {[%clk 01:26:14]} Rfe8 {[%clk 00:24:14]} 20. Rf1 Be6
{[%clk 00:17:07]} {[%emt 00:06:43]} 21. Be2 {[%clk 01:25:11]} {[%emt 00:01:29]}
Bd5 {[%clk 00:15:38]} {[%emt 00:01:59]} 22. Nb5 {[%clk 01:24:27]} {[%emt
00:01:14]} Qb6 {[%clk 00:13:33]} {[%emt 00:02:35]} 23. Bxf6 {[%clk 01:24:46]}
{[%emt 00:00:12]} Qxf6 {[%clk 00:13:10]} {[%emt 00:00:53]} 24. Qd2 {[%clk
01:24:11]} {[%emt 00:01:05]} Qc6 {[%emt 00:04:28]} 25. Nd4 {[%clk 01:20:56]}
{[%emt 00:00:04]} Qg6 {[%clk 00:11:38]} {[%emt 00:01:44]} 26. f3 {[%clk
01:21:00]} {[%emt 00:00:27]} c6 {[%clk 00:11:21]} {[%emt 00:00:46]} 27. b5
{[%clk 01:20:58]} {[%emt 00:00:31]} Rad8 {[%clk 00:11:27]} {[%emt 00:00:24]}
28. Qb2 {[%clk 01:19:16]} {[%emt 00:02:12]} cxb5 {[%clk 00:10:19]} {[%emt
00:01:39]} 29. Bxb5 {[%clk 01:19:33]} {[%emt 00:00:13]} Bc6 {[%clk 00:09:57]}
{[%emt 00:00:52]} 30. Bc4 {[%clk 01:19:25]} {[%emt 00:00:38]} Qf6 {[%clk
00:09:47]} {[%emt 00:00:39]} 31. Rd1 {[%clk 01:19:03]} {[%emt 00:00:51]} Re7
{[%clk 00:09:27]} {[%emt 00:00:50]} 0-1